THE ALL ENGLAND LAW REPORTS 2016 (Record no. 216264)

MARC details
000 -LEADER
fixed length control field 00474nam a22001457a 4500
008 - FIXED-LENGTH DATA ELEMENTS--GENERAL INFORMATION
fixed length control field 251124b |||||||| |||| 00| 0 eng d
020 ## - INTERNATIONAL STANDARD BOOK NUMBER
International Standard Book Number 978-1-4743-0112-1
100 ## - MAIN ENTRY--PERSONAL NAME
Personal name WIDDICOMBE KAREN
245 ## - TITLE STATEMENT
Title THE ALL ENGLAND LAW REPORTS 2016
260 ## - PUBLICATION, DISTRIBUTION, ETC.
Place of publication, distribution, etc. LONDON
Name of publisher, distributor, etc. LEXISNEXIS
Date of publication, distribution, etc. 2016
300 ## - PHYSICAL DESCRIPTION
Extent XX, 1100P.
650 ## - SUBJECT ADDED ENTRY
Topical term or geographic name entry element 1. LAW REPORTS, DIGESTS ETC ENGLAND AND WALES 2.LAW- ENGLAND AND WALES - CASES 3. COURTS - ENGLAND AND WALES
942 ## - ADDED ENTRY ELEMENTS (KOHA)
Source of classification or shelving scheme Dewey Decimal Classification
Koha item type Reference

No items available.